000 00318nam a2200133Ia 4500
008 150201s2005 xx 000 0 und d
082 _a616.07
_bD10G
100 _aGRAY,WINIFRED
245 _aDIAGNOSTIC CYTOPATHOLOGY
250 _a3RD
260 _bCHURCHILL
_aDELHI
_c2005
650 _aPATHOLOGY
942 _2ddc
_cBK
_01
999 _c1223
_d1223